000 01415nam a2200337 i 4500
003 EG-GICUC
005 20260513144414.0
008 260513s1992 |||o|||fr|||| 00| 0 Ara d
017 _a3041/1992
040 _a EG-GICUC
_bara
_c EG-GICUC
_d EG-GICUC
_erda
041 0 _aAra
082 0 4 _221
_a343.83
_bم ج . ط
092 0 4 _221
099 _aLaw1 10 343.83 م ج . ط 1992
100 0 _aمجموعة من كبار الأطباء الكيميائيين الشرعيين
_eمؤلف.
245 1 2 _aالطب الشرعى بين الإدعاء والدفاع.
_nالجزء الأول /
_cتأليف مجموعة من كبار الأطباء الكيميائيين الشرعيين.
264 1 _a[مكان النشر غير محدد] :
_b[ الناشر غير محدد]،
_c1992.
300 _a746 صفحة :
_b؛صور
_c24 سم.
336 _2rda content
_atext
337 _2rda media
_aComputer
338 _2rda carrier
_aOnline Resource
490 _aنقابة المحامين،
_xلجنة المكتبة والفكر القانونى،
_x؛مكتبة المحامى
_v18
500 _aإهداء من حسن على
546 _aالنص باللغة العربية
650 1 _aالطب الشرعى
_2qrmak
650 1 _aالقانون الجنائى
_2qrmak
651 1 _2qrmak
856 4 0 _uhttps://fll.law.cu.edu.eg/fulltext/bks/B10-12041.pdf
905 _a54
942 _2ddc
_cBK
_e21
_n0
999 _c76760
_d76760